000 00711 a2200229 4500
005 20260413111639.0
008 260413b |||||||| |||| 00| 0 eng d
020 _a9788119230198 (hbk)
037 _cTB
040 _aCRL
_cCRL
041 _2URD
_aURD
084 _aO168,3:g R4
_qCRL
100 _aNazia Parveen
_91115511
245 _aMuasir Urdu novel mein bayaniye ka tanawwu
260 _aLucknow, India:
_bMatterlink Publishers,
_c2024.
300 _a495p.
365 _b1000.00
_cINR
650 _aUrdu Literature
650 _aUrdu Fiction
942 _cTB
_2CC
_hO168,3:g R4
999 _c1679494
_d1679494